Postacie z Percy'ego Jacksona - Statystyki

Ogólne statystyki
  • Ten quiz został rozwiązany 73 razy
  • Średni wynik to 36 z 55
Statystyki odpowiedzi
Hint Odpowiedź % Poprawnych
główny bohater Percy Jackson
100%
ojciec ^^ Posejdon
95%
główna bohaterka Annabeth Chase
93%
matka ^ Atena
91%
rzymska forma ^ Neptun
91%
satyr, przyjaciel głównych bohateró Grover Underwood
89%
mama ^ Sally Jackson
89%
ojciec ^ Zeus
87%
rzymska forma ^ Minerwa
84%
zamieniona w sosnę Thalia Grace
84%
matka ^ Afrodyta
78%
ma moc czaromowy, dziewczyna ^^ Piper McLean
76%
ojciec ^ Hefajstos
75%
były pretor, brat ^^ Jason Grace
75%
ojciec ^ Jupiter
75%
rzymska forma ^ Wenus
75%
grecka forma ^ Ares
71%
potrafi zmieniać swoją postać, pretor Frank Zhang
71%
grecka forma ^ Hades
69%
pretorka, potrafi kontrolować minerały Hazel Levesque
69%
inny syn ^^ Leo Valdez
69%
ojciec ^ Mars
69%
brat ^ i syn ^^ Nico di Angelo
69%
ojciec ^ Pluton
69%
ojciec ^ Apollo
67%
córka, zginęła ^ Bianca di Angelo
67%
ojciec ^ Hermes
67%
wyrocznia delficka Rachel Elizabeth Dare
67%
chłopak ^ Will Solace
65%
córka ^ Clarisse La Rue
64%
dyrektor obozu herosów Dionizos
64%
driada, dziewczyna ^ Kalina
64%
inny syn ^^, zginął Luke Castellan
64%
jej ojciec ^ Atlas
62%
chłopak ^ Charles Beckendorf
62%
^ jego inna córka, uwięziona na Ogygii Kalipso
62%
główny antagonista pierwszej serii Kronos
62%
inna córka ^^, zginęłą podczas bitwy o Manhattan Selina Beauregard
62%
rzymska forma ^ Wulkan
62%
antagonistka drugiej części Gaja
58%
była pretorka Reyna Avila Ramirez-Arrelano
58%
inna łowczyni, zginęła przez swojego ojca Zoe Nightshade
58%
rzymska forma ^ Bachus
56%
wyciął sobie oko Ethan Nakamura
55%
rzymska forma ^ Merkury
55%
matka ^ Bellona
53%
matka ^ Demeter
51%
chłopak ^ Chris Rodriguez
49%
jak nazywa się jako człowiek ^ Lester Papadopoulus
47%
przyjaciółka ^ Meg McCaffrey
47%
matka ^ Nemezis
47%
rzymska forma ^ Ceres
29%
^^ dołączyła do łowczyń ... Artemida
25%
augur obozu Jupiter Octavian
18%
córka Hekate Lou Ellen
13%
Nie znaleziono quizów pasujących do podanych kryteriów
Rozkład punktacji
Procent ludzi z każdym wynikiem
Percentyl według liczby udzielonych odpowiedzi
Twoja historia wyników
Nie rozwiązałeś tego quizu